[Event "Charleroi op 2nd"]
[Site "Charleroi"]
[Date "2003.08.23"]
[Round "1.25"]
[White "Jassem, Philippe"]
[Black "Waterschoot, Thierry"]
[Result "0-1"]
[WhiteElo "1552"]
[BlackElo "2056"]
[PlyCount "52"]
[EventDate "2003.08.23"]
[EventType "swiss"]
[EventRounds "9"]
[EventCountry "BEL"]
[SourceTitle "EXT 2004"]
[Source "ChessBase"]
[SourceDate "2003.11.25"]
[SourceVersion "1"]
[SourceVersionDate "2003.11.25"]
[SourceQuality "1"]

1. e4 c5 2. Nf3 Nc6 3. d4 cxd4 4. Nxd4 Nf6 5. Nc3 e5 6. Ndb5 d6 7. Bg5 a6 8. Na3 b5 9. Bxf6 gxf6 10. Nd5 f5 11. Bxb5 axb5 12. Nxb5 Ra4 13. Nbc7+ Kd7 14. 0-0 Qg5 15. Nb6+ Kxc7 16. Nxa4 Rg8 17. Qf3 Nd4 18. Qc3+ Kb8 19. Qb4+ Bb7 20. b3 fxe4 21. Nb6 Ne2+ 22. Kh1 e3 23. f3 Ng3+ 24. hxg3 Qxg3 25. Nd7+ Kc7 26. Qb6+ Kc8 0-1

[Event "IECG CP.2001.Q.00008 email"]
[Site "IECG email"]
[Date "2002.10.01"]
[Round "?"]
[White "Meulemans, Bart"]
[Black "Waterschoot, Thierry"]
[Result "1-0"]
[WhiteElo "2176"]
[BlackElo "2126"]
[PlyCount "37"]
[EventDate "2002.10.01"]
[EventType "tourn (corr)"]
[EventRounds "6"]
[EventCountry "SWE"]
[SourceTitle "Corr 2008"]
[Source "ChessBase"]
[SourceDate "2008.06.24"]
[SourceVersion "1"]
[SourceVersionDate "2008.06.24"]
[SourceQuality "1"]

1. e4 d6 2. d4 Nf6 3. Nc3 g6 4. f4 Bg7 5. Nf3 c5 6. Bb5+ Bd7 7. e5 Ng4 8. e6 Bxb5 9. exf7+ Kd7 10. Nxb5 Qa5+ 11. Nc3 h5 12. 0-0 cxd4 13. Ne4 Qd5 14. Neg5 d3 15. Qxd3 Qxd3 16. cxd3 Nc6 17. Bd2 Nd4 18. Nh4 Rh6 19. Rae1 1-0

[Event "IECG WC.2005.P.00003 email"]
[Site "IECG email"]
[Date "2002.01.29"]
[Round "?"]
[White "Kinkelin, Christian"]
[Black "Waterschoot, Thierry"]
[Result "0-1"]
[WhiteElo "1900"]
[BlackElo "2094"]
[PlyCount "58"]
[EventDate "2002.01.29"]
[EventType "tourn (corr)"]
[EventRounds "12"]
[SourceTitle "Corr 2008"]
[Source "ChessBase"]
[SourceDate "2008.06.24"]
[SourceVersion "1"]
[SourceVersionDate "2008.06.24"]
[SourceQuality "1"]

1. e4 c5 2. Nf3 Nc6 3. d4 cxd4 4. Nxd4 Nf6 5. Nc3 d6 6. Be3 e5 7. Ndb5 a6 8. Na3 Rb8 9. f3 b5 10. Nab1 Be6 11. Be2 Ne7 12. Bg5 d5 13. Bxf6 gxf6 14. exd5 Nxd5 15. Nxd5 Bxd5 16. c3 Qd7 17. Nd2 Rg8 18. g3 f5 19. a4 Rd8 20. axb5 axb5 21. Nb1 Qc6 22. Qd3 Bc4 23. Qxf5 Rg6 24. Nd2 Bxe2 25. Kxe2 b4 26. Ne4 Qb5+ 27. Ke1 bxc3 28. bxc3 Be7 29. Kf2 Qb2+ 0-1

[Event "IECG WC.2005.P.00003 email"]
[Site "IECG email"]
[Date "2002.01.29"]
[Round "?"]
[White "Waterschoot, Thierry"]
[Black "Castillo, German"]
[Result "1-0"]
[WhiteElo "2094"]
[BlackElo "1727"]
[PlyCount "63"]
[EventDate "2002.01.29"]
[EventType "tourn (corr)"]
[EventRounds "12"]
[SourceTitle "Corr 2008"]
[Source "ChessBase"]
[SourceDate "2008.06.24"]
[SourceVersion "1"]
[SourceVersionDate "2008.06.24"]
[SourceQuality "1"]

1. d4 e6 2. c4 Nf6 3. Nc3 d5 4. cxd5 exd5 5. Bg5 Be7 6. e3 c6 7. Qc2 0-0 8. Bd3 Nbd7 9. Nge2 h6 10. Bh4 Re8 11. f3 c5 12. 0-0 a6 13. Kh1 Qc7 14. Rad1 Bd6 15. Bf2 b6 16. Ng3 b5 17. dxc5 Nxc5 18. Nxd5 Nxd5 19. Bh7+ Kh8 20. Rxd5 g6 21. Bxg6 fxg6 22. Qxg6 Re6 23. Qf5 Nb7 24. e4 Be5 25. Rxe5 Rxe5 26. Qf6+ Kh7 27. Bd4 Re8 28. Nf5 Bxf5 29. Qxf5+ Kg8 30. Qg6+ Kf8 31. Qxh6+ Ke7 32. Rc1 1-0

[Event "IECG CP.2000.Q.00027"]
[Site "IECG email"]
[Date "2001.10.01"]
[Round "?"]
[White "Jelen, Jean Luc"]
[Black "Waterschoot, Thierry"]
[Result "1/2-1/2"]
[WhiteElo "2059"]
[BlackElo "1999"]
[PlyCount "51"]
[EventDate "2001.10.01"]
[EventType "tourn (corr)"]
[EventRounds "6"]
[SourceTitle "Corr 2008"]
[Source "ChessBase"]
[SourceDate "2008.06.24"]
[SourceVersion "1"]
[SourceVersionDate "2008.06.24"]
[SourceQuality "1"]

1. e4 c5 2. Nf3 Nc6 3. d4 cxd4 4. Nxd4 Nf6 5. Nc3 d6 6. Bg5 e6 7. Qd2 a6 8. 0-0-0 Bd7 9. f4 Be7 10. Nf3 b5 11. Bxf6 gxf6 12. Kb1 Qb6 13. f5 0-0-0 14. g3 Kb8 15. fxe6 fxe6 16. Bh3 Bc8 17. Qe1 Bf8 18. Ne2 Bg7 19. Nf4 Rhe8 20. Rf1 Qc5 21. Rf2 b4 22. Rfd2 a5 23. Qg1 Bf8 24. Qxc5 dxc5 25. Rxd8 Rxd8 26. Rd2 1/2-1/2

[Event "IECG CP.2001.P.00079"]
[Site "IECG email"]
[Date "2001.10.01"]
[Round "?"]
[White "Svec, Drazen"]
[Black "Waterschoot, Thierry"]
[Result "0-1"]
[WhiteElo "1000"]
[BlackElo "1999"]
[PlyCount "72"]
[EventDate "2001.10.01"]
[EventType "tourn (corr)"]
[EventRounds "6"]
[SourceTitle "Corr 2008"]
[Source "ChessBase"]
[SourceDate "2008.06.24"]
[SourceVersion "1"]
[SourceVersionDate "2008.06.24"]
[SourceQuality "1"]

1. e4 c5 2. f4 d5 3. exd5 Nf6 4. Bb5+ Nbd7 5. c4 a6 6. Bxd7+ Bxd7 7. d4 cxd4 8. Qxd4 e6 9. Nc3 Rc8 10. dxe6 Bxe6 11. Be3 Qa5 12. Qb6 Bb4 13. Qxa5 Bxa5 14. Bd4 Ne4 15. Nge2 Bxc4 16. Kd1 Bxc3 17. bxc3 0-0 18. Ng3 Rfe8 19. Re1 Nxg3 20. hxg3 Rxe1+ 21. Kxe1 Re8+ 22. Kd1 Re2 23. a4 Rxg2 24. Rb1 b5 25. axb5 axb5 26. Ra1 h5 27. Ke1 Rxg3 28. Kf2 Rd3 29. f5 Kh7 30. Rh1 g6 31. fxg6+ fxg6 32. Rh4 Kh6 33. Be3+ g5 34. Rd4 Rxd4 35. Bxd4 h4 36. Kf3 Kh5 0-1

[Event "IECG CB.2001.0.00003 email"]
[Site "IECG email"]
[Date "2001.04.06"]
[Round "?"]
[White "Garibaldi, Lucio Manuel"]
[Black "Waterschoot, Thierry"]
[Result "1/2-1/2"]
[WhiteElo "1980"]
[BlackElo "1850"]
[PlyCount "79"]
[EventDate "2001.05.06"]
[EventType "tourn (corr)"]
[EventRounds "6"]
[SourceTitle "Corr 2008"]
[Source "ChessBase"]
[SourceDate "2008.06.24"]
[SourceVersion "1"]
[SourceVersionDate "2008.06.24"]
[SourceQuality "1"]

1. e4 c5 2. d4 cxd4 3. c3 dxc3 4. Nxc3 Nc6 5. Nf3 d6 6. Bc4 a6 7. 0-0 Nf6 8. h3 e6 9. Qe2 Be7 10. Rd1 Bd7 11. Bf4 b5 12. Bb3 Qb8 13. Rac1 0-0 14. a3 Ne5 15. Nxe5 dxe5 16. Bg5 Bc6 17. Bh4 Rd8 18. Nd5 Nxd5 19. exd5 Bxh4 20. Rxc6 exd5 21. Bxd5 Ra7 22. Qe4 Bg5 23. Bb3 Rxd1+ 24. Bxd1 g6 25. Bg4 Kg7 26. Qd5 Qd8 27. Qxe5+ Bf6 28. Qe3 Re7 29. Qc1 Qe8 30. Kf1 Re1+ 31. Qxe1 Qxc6 32. Qb1 Bd4 33. Bf3 Qc5 34. Bd1 Qe5 35. b4 Bc3 36. Bf3 Qd4 37. Bb7 a5 38. bxa5 Bxa5 39. Ba6 Bb6 40. Qe1 1/2-1/2

[Event "IECG C1.2000.0.00329"]
[Site "IECG email"]
[Date "2000.12.28"]
[Round "?"]
[White "Migliorini, Roberto"]
[Black "Waterschoot, Thierry"]
[Result "1/2-1/2"]
[WhiteElo "2000"]
[BlackElo "1850"]
[PlyCount "72"]
[EventDate "2000.12.30"]
[EventType "tourn (corr)"]
[EventRounds "6"]
[SourceTitle "Corr 2008"]
[Source "ChessBase"]
[SourceDate "2008.06.24"]
[SourceVersion "1"]
[SourceVersionDate "2008.06.24"]
[SourceQuality "1"]

1. e4 c5 2. c3 Nf6 3. e5 Nd5 4. d4 cxd4 5. Qxd4 e6 6. Nf3 Nc6 7. Qe4 f5 8. exf6 Nxf6 9. Qh4 d5 10. Bd3 Bd6 11. Bg6+ Ke7 12. Bc2 h6 13. Bg6 Bd7 14. Bf4 e5 15. Bg3 Be8 16. Bxe8 Rxe8 17. 0-0 Kf7 18. Nbd2 e4 19. Nd4 Nxd4 20. cxd4 Rc8 21. Rfc1 Qa5 22. Nf1 Be7 23. Be5 Qb5 24. b3 Rc6 25. Ne3 Rec8 26. Rxc6 Rxc6 27. Rd1 Qe2 28. Rf1 Kg8 29. Qh3 Kh8 30. Bxf6 Bxf6 31. Qd7 Bxd4 32. Qd8+ Kh7 33. Qxd5 Bxe3 34. Qxe4+ Kg8 35. Qe8+ Kh7 36. fxe3 Qxa2 1/2-1/2

[Event "IECG C1.2000.0.00329"]
[Site "IECG email"]
[Date "2000.12.28"]
[Round "?"]
[White "Waterschoot, Thierry"]
[Black "Jordan, Juergen"]
[Result "1/2-1/2"]
[WhiteElo "1850"]
[BlackElo "2019"]
[PlyCount "64"]
[EventDate "2000.12.30"]
[EventType "tourn (corr)"]
[EventRounds "6"]
[SourceTitle "Corr 2008"]
[Source "ChessBase"]
[SourceDate "2008.06.24"]
[SourceVersion "1"]
[SourceVersionDate "2008.06.24"]
[SourceQuality "1"]

1. Nf3 Nf6 2. g3 b5 3. Bg2 Bb7 4. 0-0 e6 5. a4 b4 6. b3 c5 7. Bb2 d5 8. d3 Be7 9. Nbd2 0-0 10. e4 Nc6 11. Re1 Re8 12. e5 Nd7 13. Nf1 Qc7 14. Qe2 f6 15. Bh3 Nf8 16. Rad1 Ba6 17. exf6 Bxf6 18. Ne5 Rac8 19. Rd2 g5 20. f4 gxf4 21. gxf4 Ng6 22. Qg4 Ncxe5 23. fxe5 Bg7 24. Ng3 d4 25. Rde2 Bb7 26. Bc1 Kh8 27. Qh5 Bd5 28. Bg2 Bxg2 29. Rxg2 Rf8 30. Rge2 Rf7 31. Re4 Rcf8 32. Rg4 Kg8 1/2-1/2

[Event "IECG CP.2000.P.00091"]
[Site "IECG email"]
[Date "2000.10.01"]
[Round "?"]
[White "Waterschoot, Thierry"]
[Black "Mauro, Lucio"]
[Result "1/2-1/2"]
[WhiteElo "1850"]
[BlackElo "2293"]
[PlyCount "67"]
[EventDate "2000.10.01"]
[EventType "tourn (corr)"]
[EventRounds "6"]
[EventCountry "ITA"]
[SourceTitle "Corr 2008"]
[Source "ChessBase"]
[SourceDate "2008.06.24"]
[SourceVersion "1"]
[SourceVersionDate "2008.06.24"]
[SourceQuality "1"]

1. d4 Nf6 2. c4 e6 3. Nc3 Bb4 4. Nf3 c5 5. g3 cxd4 6. Nxd4 0-0 7. Bg2 d5 8. 0-0 dxc4 9. Qa4 Na6 10. Ndb5 Nd5 11. Rd1 Bd7 12. Nxd5 exd5 13. Bxd5 Qe8 14. Bxc4 Rc8 15. Bd3 Rc5 16. a3 Bxb5 17. Bxb5 Rxb5 18. axb4 Qxe2 19. Bd2 Re5 20. Re1 Qh5 21. Qd7 Rd5 22. Qxb7 Rxd2 23. Rxa6 h6 24. b3 Rfd8 25. Ra5 Qg4 26. Rxa7 Qf5 27. Rf1 Rb2 28. Ra8 Rxa8 29. Qxa8+ Kh7 30. Qa5 Qf3 31. Qc5 Qxb3 32. Re1 g6 33. Qa7 Qc4 34. Qc5 1/2-1/2